| 000 | 00870nam a22002537a 4500 | ||
|---|---|---|---|
| 005 | 20130923125212.0 | ||
| 010 | _aENG-108217 | ||
| 020 |
_c850.00 _a9780198090403 |
||
| 020 |
_c850.00 _a0198090404 |
||
| 035 | _aEN-91750 | ||
| 037 | _bDBAD/PUB | ||
| 082 | _a306.63 | ||
| 100 |
_aRobinson, Rowena _d1967- |
||
| 245 |
_aBoundaries of religion : _cby Rowena Robinson _b essays on Christianity, ethnic conflict, and violence / |
||
| 260 |
_aNew Delhi _bOxford University Press _c2013 |
||
| 270 |
_aYMCA Library Building, 1 Jai Singh Road, _bNew Delhi _e110001 |
||
| 300 |
_axx,299p. _c22cm(Hb) |
||
| 500 | _aIncludes index | ||
| 650 |
_aChristian sociology _z India. |
||
| 650 |
_aEthnic conflict _xReligious aspects. |
||
| 650 |
_aEthnic conflict _z India. |
||
| 650 |
_a Christians _z India _x Social conditions. |
||
| 942 |
_2ddc _cEN _mROB _h306.63 |
||
| 999 |
_c78315 _d78315 |
||